000
00320nam a2200133Ia 4500
100
_a
Deo/Narsingh
942
_c
BK
654
_a
graph theory
245
_a
Graph theory with applications to engineering & computer science
260
_b
prentice hall
082
_a
511.502462
_b
DEO
300
_a
478
546
_a
ENGLISH
999
_c
25209
_d
25209